Computer graphics : principles and practice (Record no. 167284)

MARC details
000 -LEADER
fixed length control field 00446nam a2200157Ia 4500
008 - FIXED-LENGTH DATA ELEMENTS--GENERAL INFORMATION
fixed length control field 231217s9999 xx 000 0 und d
041 ## - LANGUAGE CODE
Language code of text/sound track or separate title English
082 ## - DEWEY DECIMAL CLASSIFICATION NUMBER
Classification number 005.43 FOL;7
100 ## - MAIN ENTRY--PERSONAL NAME
Personal name Foley, James D. Van Dam, Andries. Feiner, Steven K.
245 #0 - TITLE STATEMENT
Title Computer graphics : principles and practice
250 ## - EDITION STATEMENT
Edition statement 2nd ed.
260 ## - PUBLICATION, DISTRIBUTION, ETC.
Date of publication, distribution, etc. 1987
Name of publisher, distributor, etc. New York : Addison-Wesley,
300 ## - PHYSICAL DESCRIPTION
Extent xxiii+1174
650 ## - SUBJECT ADDED ENTRY--TOPICAL TERM
Topical term or geographic name entry element Computer graphics
942 ## - ADDED ENTRY ELEMENTS (KOHA)
Koha item type Books
Holdings
Date last seen Total checkouts Full call number Accession number Cost, total (INR) price Price effective from Category Lost status Damaged status Department Withdrawn status Home library Current library Entry date Vendor Cost, normal purchase price Grants Billnumber Billdate Currency symbol Conversion rate Discount Old discount
26/01/2024   005.43 FOL;7 16132 324.18 26/01/2024 Books     Central Library   Central Library Central Library 21/09/2000 Allied publ. 8.50 MCA BAN/CR/002326 22/09/2003 USD 44.9 1.28 15

© For any Suggestions or Query, please contact the library staff @ librarian@pes.edu or Phone: +9180 2672 1983/ 2108.